01583nab a22002177a 4500999001500000003000400015005001700019008004100036040000700077100003400084245022100118260007200339300001300411500003800424505061700462505008901079650002601168650001901194773013901213942001301352 c5717d5717OSt20251231165552.0190605e xxu||||| |||| 00| 0 spa d cPJ 96346aMoltrassio, Sebastián10aTrabajadores en bicicleta (riders) y plataformas de reparto. Atisbos de relación laboral. Estudio de sentencias de CABA, Buenos Aires y Santa Fe /bun riesgo latente para los empleadores /cSebastián Moltrassio.  aCiudad Autónoma de Buenos Aires :bThomson Reuters La Ley,c2023. ap. 65-75 aCita: TR LALEY AR/DOC/258/2023.  aSumario: I. Introducción.— II. Normas de la LCT que generan la presunción de relación laboral.— III. Jurisprudencia. Atisbos de relación laboral: CABA. Actividad sindical.— IV. Provincia de Buenos Aires. Caracterización de la relación laboral.— V. "Repartos YA SA s/ apelación de resolución administrativa". Tribunal del Trabajo N° 1. La Plata.— VI. "Rappi Arg SAS s/ apelación de resolución administrativa". Tribunal del Trabajo N° 2. La Plata.— VII. "Kadabra SAS c. Ministerio de Trabajo s/ apelación de resolución administrativa".— VIII. Santa Fe.— IX. Conclusión.  t¿Te interesa el texto completo? Solicitalo al correo: koha@justierradelfuego.gov.ar 091316aDERECHO LABORAL 095233aPANDEMIA0 0271193168dCiudad Autónoma de Buenos Aires : Thomson Reuters La Ley, 1999-2002.tRevista de derecho del trabajo. Nº 2 - Marzo 2023 2udccANA